|
|
|
|
| LEADER |
00000cam a2200000 i 4500 |
| 001 |
1/28760 |
| 008 |
021112s1996 gr | ||| |||| ||gre|| |
| 020 |
|
|
|a 9603682128
|
| 035 |
|
|
|l 10068674
|
| 040 |
|
|
|a GR-MyUa
|b gre
|e AACR2
|
| 041 |
1 |
|
|a gre
|h eng
|
| 082 |
7 |
|
|a 630
|2 (22)
|
| 100 |
1 |
|
|a Halley, Ned.
|
| 245 |
1 |
0 |
|a Γεωργία /
|c κείμενο Ned Halley ; φωτογραφίες: Geoff Brightling.
|
| 260 |
|
|
|a Αθήνα :
|b Ερενητές,
|c 2001.
|
| 300 |
|
|
|a 63 σ. ;
|c 22 εκ.
|
| 490 |
1 |
|
|a (Ερευνητές)
|
| 500 |
|
|
|a Τίτλος πρωτοτύπου: Farm.
|
| 650 |
|
0 |
|a Agriculture
|x Juvenile literature.
|
| 650 |
|
0 |
|a Farms
|x Juvenile literature.
|
| 650 |
|
0 |
|a Agriculture.
|
| 650 |
|
0 |
|a Farms.
|
| 700 |
1 |
|
|a Brightling, Geoff,
|e pht
|
| 830 |
|
0 |
|a Ερευνητές
|
| 852 |
|
|
|a INST
|b RHODES
|e 20021112
|h 630 HAL
|p 005400016039
|q 005400016039
|t BK
|y 0
|
| 901 |
|
|
|a BIBL4-2003-1
|
| 922 |
|
|
|a 4ΕΛΗ
|b 200210
|c Βιβλιοθήκη
|d ΔΕΝΤΡΟ
|
| 950 |
|
|
|a 094-2002-10-05
|
| 970 |
|
|
|a Κουλακιώτη
|b Λίτσα
|z 2003/01/15
|